000 00410nab a2200145Ia 4500
003 ES-SlBCS
005 20210601124259.0
008 140529s1956 xxu||||| |||| 00| 0 eng d
041 _aeng
100 1 _aPhilipon, María M.
_9139017
245 0 2 _aA Dominican Soul
_c María M. Philipon
650 0 4 _aAlma Dominicana
_9139018
773 0 _tDominicana
_gvol. 41, nº. 1, 1956, págs. 14-19
_wRev1398
942 _cAR
999 _c512231
_d512231